Т. 10, № 1; Масс-спектрометрия

Bibliographic Details
Parent link:Масс-спектрометрия: научный журнал. Т. 10, № 1.— : [Б. и.], 2013-.— 1817-9746
Summary:Режим доступа: по договору с организацией-держателем ресурса
Language:Russian
Published: 2013
Online Access:https://elibrary.ru/contents.asp?id=33820437
Format: MixedMaterials Electronic Book
KOHA link:https://koha.lib.tpu.ru/cgi-bin/koha/opac-detail.pl?biblionumber=579267

MARC

LEADER 00000nam2a2200000 4500
001 579267
005 20231101130506.0
035 |a (RuTPU)RU\TPU\prd\278862 
035 |a RU\TPU\prd\278832 
090 |a 579267 
100 |a 20180627a20049999km y0rusy50 ca 
101 0 |a rus 
102 |a RU 
181 0 |a i  
182 0 |a b 
200 0 |a Т. 10, № 1  |b Электронный ресурс 
203 |a Текст  |c электронный 
210 |d 2013 
333 |a Режим доступа: по договору с организацией-держателем ресурса 
461 1 |0 (RuTPU)RU\TPU\prd\278831  |x 1817-9746   |t Масс-спектрометрия  |o научный журнал  |v Т. 10, № 1  |n [Б. и.]  |d 2013- 
801 0 |a RU  |b 63413507  |c 20010227  |g PSBO 
801 1 |a RU  |b 63413507  |c 20120302 
801 2 |a RU  |b 63413507  |c 20180628  |g RCR 
856 4 0 |u https://elibrary.ru/contents.asp?id=33820437 
942 |c BK